5HLuxD.jpg

KING HENRY VIII SENIOR AND PRIMARY SCHOOL LIBRARY OPAC

Cambridge IGCSE Chemistry Practical Skills : (Record no. 4256)

000 -LEADER
fixed length control field 01476nam a22001937a 4500
003 - CONTROL NUMBER IDENTIFIER
control field OSt
005 - DATE AND TIME OF LATEST TRANSACTION
control field 20250204092942.0
008 - FIXED-LENGTH DATA ELEMENTS--GENERAL INFORMATION
fixed length control field 250204b ||||| |||| 00| 0 eng d
020 ## - INTERNATIONAL STANDARD BOOK NUMBER
International Standard Book Number 9781398310513
040 ## - CATALOGING SOURCE
Transcribing agency KH8
082 ## - DEWEY DECIMAL CLASSIFICATION NUMBER
Classification number 540 EAR
100 ## - MAIN ENTRY--PERSONAL NAME
Personal name Earl, Bryan,
Relator term author.
245 ## - TITLE STATEMENT
Title Cambridge IGCSE Chemistry Practical Skills :
Remainder of title Workbook /
Statement of responsibility, etc. Bryan Earl and Doug Wilford .
260 ## - PUBLICATION, DISTRIBUTION, ETC.
Place of publication, distribution, etc. UK ;
Name of publisher, distributor, etc. Hodder Education ,
Date of publication, distribution, etc. 2021.
300 ## - PHYSICAL DESCRIPTION
Extent 144 pages :
Other physical details illustrations ;
Dimensions 30 cm.
520 ## - SUMMARY, ETC.
Summary, etc. This series is endorsed by Cambridge International to support the full syllabus for examination from 2023 Improve scientific enquiry and practical skills with suggested key experiments and simple, structured guidance. The Practical Skills Workbook provides additional support for the accompanying Cambridge IGCSE™ Chemistry Textbook. - Become accomplished scientists: the workbook provides a series of investigations with step-by-step guidance which leads you through the method and the use of apparatus, complete with safety notes. - Improve the quality of written work: guidance, prompts and write in frames provided throughout to help you record your observations, interpret data and evaluate the experiment. - Develop understanding and build confidence: plenty of exam-style questions are provided for preparation for practical exams or alternatives, whilst 'Going Further' questions encourage you to stretch yourself.
700 ## - ADDED ENTRY--PERSONAL NAME
Personal name Wilford, Doug,
Relator term author.
942 ## - ADDED ENTRY ELEMENTS (KOHA)
Source of classification or shelving scheme
Koha item type Books - Non Ficton
Holdings
Withdrawn status Lost status Source of classification or shelving scheme Damaged status Not for loan Collection code Permanent Location Current Location Shelving location Date acquired Full call number Barcode Date last seen Price effective from Koha item type
          Non-Fiction KH8 Senior School Library KH8 Senior School Library Non Fiction 2025-02-04 540 EAR 3KHSL000102164 2025-06-12 2025-02-04 Books - Non Ficton

Powered By KH8 IT Dept